Ч. 2 : Логические интегральные схемы; Анализ и расчет интегральных схем

التفاصيل البيبلوغرافية
Parent link:Анализ и расчет интегральных схем: пер. с англ./ под ред. Д. Линна , Ч. Мейера , Д. Гамильтона. Ч. 2 : Логические интегральные схемы.— , 1969
اللغة:الروسية
منشور في: 1969
الموضوعات:
التنسيق: MixedMaterials كتاب
KOHA link:https://koha.lib.tpu.ru/cgi-bin/koha/opac-detail.pl?biblionumber=38055

MARC

LEADER 00000nam2a2200000 4500
001 38055
005 20231031004911.0
035 |a (RuTPU)RU\TPU\book\38674 
090 |a 38055 
100 |a 20020218d1969 k y0rusy50 ca 
101 1 |a rus  |c eng 
102 |a RU 
105 |a a z 001zy 
200 0 |a Ч. 2 : Логические интегральные схемы 
210 |d 1969 
215 |a 387 с.  |c ил. 
320 |a Предм. указ.: с. 382-385 
461 1 |0 (RuTPU)RU\TPU\book\38672  |t Анализ и расчет интегральных схем  |o пер. с англ.  |o в 2 ч.  |f под ред. Д. Линна , Ч. Мейера , Д. Гамильтона  |v Ч. 2 : Логические интегральные схемы  |d 1969 
610 1 |a электроника 
610 1 |a микроэлектронные схемы 
610 1 |a интегральные схемы 
610 1 |a расчеты 
610 1 |a логические схемы 
610 1 |a интегральная электроника 
675 |a 621.385  |v 3 
675 |a 621.382.049.77  |v 3 
801 1 |a RU  |b 63413507  |c 20020218  |g PSBO 
801 2 |a RU  |b 63413507  |c 20210901  |g PSBO 
942 |c BK